000 00532nam a2200217Ia 4500
003 OSt
005 20220926045208.0
006 a|||||r|||| 00| 0
007 ta
008 220923b |||||||| |||| 00| 0 eng d
037 _cGeneral Book
040 _aRTL
_cRTL
_beng
041 _2eng
_aeng
082 _aX71.252.N65
110 _aUTTAR PRADESH
245 0 _aBudget Uttar Pradesh, 1965/66, Pt.2
260 _c1966
700 _aUTTAR PRADESH
942 _hX71.252.N65
_cGB
_2CC
999 _c676913
_d676913